000 00314 a2200109 4500
000 nam a22 7a 4500
005 20260223121435.0
100 _aPopkov, Yuri S.; Popkov, Alexey Yu.; Dubnov, Yuri A.
_91116515
245 _aEntropy Randomization in Machine Learning
260 _bCRC Press
_c2023
942 _cTEXL
999 _c1680114
_d1680114